| 000 | 01055nam a22003017a 4500 | ||
|---|---|---|---|
| 003 | CHAP | ||
| 005 | 20220329140136.0 | ||
| 008 | 971013s1974 r 00010 d | ||
| 010 | _a47593 | ||
| 011 | _a48565 | ||
| 035 | _a52711 | ||
| 040 | _cCHAP | ||
| 090 | _aTesis | ||
| 100 | 0 | 0 |
_aVargas Campos, Santos Roberto. _9117981 |
| 245 | _aEfecto de temperatura y distancia de plantación en pegamento de fruto de tomate (Lycopersicon esculentum Mill) en Apodaca, N.L. | ||
| 260 |
_a(Monterrey, N.L.) : _bEl autor, _c1974 |
||
| 300 |
_a49 h. _b; gráfs. |
||
| 502 | _aTesis (Ing. Agrónomo Fitotecnista) -- ITESM. Div. de Ciencias Agropecuarias y Marítimas | ||
| 590 |
_aALEPH _b10 _c20130110 _lUCH01 _h1317 |
||
| 590 |
_aBATCH-UPD _b10 _c20130110 _lUCH01 _h0150 |
||
| 590 |
_aBATCH-UPD _b10 _c20130110 _lUCH01 _h2013 |
||
| 590 |
_aCONVERSION _b10 _c20130109 _lUCH01 _h1326 |
||
| 650 | 1 | 4 |
_aTemperatura _xEfecto en tomate. _9112226 |
| 650 | 1 | 4 |
_aTomate _xEspaciamiento. _9113716 |
| 901 | _aBK | ||
| 942 | _cTESIS | ||
| 949 |
_bBC _cTES _d-117261 _eTS1 _i52711 _si |
||
| 999 |
_c47593 _d47593 |
||